| 000 | 01486cam a2200217 4500 | ||
|---|---|---|---|
| 001 | WB3920-03 | ||
| 008 | 030528n2003 000 0 eng u | ||
| 035 | _a(Sirsi) u122441 | ||
| 245 | _aAsbestos - know your responsibilities | ||
| 260 | _c2003 | ||
| 490 |
_aRICS Building Surveying Faculty News _v21 May 2003 (1) |
||
| 520 | _aRICS Books has published "Asbestos - know your responsibilities", a new guidance note on asbestos and its implications for surveyors and their clients. The scope of the surveyor's responsibilities has widened following the introduction of the Control of Asbestos at Work Regulations 2002. The new guidance will assist surveyors to understand the dangers to health and business, to protect their professional indemnity insurance, to comply with legislation and regulations and to implement an effective management plan. ISBN 1842190636. £30 RICS members £40.00 non-members. It can be ordered online from http://www.ricsbooks.com/ or [email protected] or t +44 (0)870 333 1600. http://www.rics.org/ricscms/bin/show?class=News&template=/includes/shownews.html&id=5887&faculty=Building%20Surveying&faculty=All%20Faculties | ||
| 590 | _aWB | ||
| 650 | _aMANAGEMENT-HEALTH AND SAFETY-HAZARDOUS SUBSTANCES-ASBESTOS | ||
| 650 | _aPROFESSIONAL INDEMNITY | ||
| 650 |
_aHEALTH AND SAFETY _96244 |
||
| 650 | _aCONTROL OF ASBESTOS AT WORK REGULATIONS 2002 | ||
| 650 | _aASBESTOS REMOVAL | ||
| 690 | _aBUILT ENVIRONMENT-BUILDING INSPECTION | ||
| 942 | _n0 | ||
| 999 |
_c72775 _d72775 |
||